[Event "Athens Christmas 1st"]
[Site "Athens"]
[Date "2012.12.23"]
[Round "1.2"]
[White "Sarandos, Vasilios"]
[Black "Hondrovasilopoulos, Ioannis"]
[Result "1-0"]
[WhiteElo "2220"]
[BlackElo "1489"]
[PlyCount "29"]
[EventDate "2012.12.23"]
[EventType "swiss"]
[EventRounds "7"]
[EventCountry "GRE"]
[SourceTitle "EXT 2024"]
[Source "ChessBase"]
[SourceDate "2023.10.10"]
[SourceVersion "1"]
[SourceVersionDate "2023.10.10"]
[SourceQuality "1"]

1. d4 d5 2. Nf3 Bf5 3. c4 dxc4 4. Qa4+ Nc6 5. Qxc4 e6 6. Bd2 Bxb1 7. Rxb1 Nf6 8. a3 Qd5 9. e3 Be7 10. Qxd5 exd5 11. Bb5 0-0-0 12. Bxc6 bxc6 13. Ne5 Rhf8 14. Nxc6 Rd7 15. Nxe7+ 1-0

[Event "Athens Glyfada op"]
[Site "Athens"]
[Date "2009.12.27"]
[Round "4"]
[White "Koutsobinas, Georgios"]
[Black "Hondrovasilopoulos, Ioannis"]
[Result "0-1"]
[WhiteElo "1781"]
[BlackElo "1590"]
[PlyCount "42"]
[EventDate "2009.12.23"]
[EventType "swiss"]
[EventRounds "9"]
[EventCountry "GRE"]
[SourceTitle "CBM 134 Extra"]
[Source "ChessBase"]
[SourceDate "2010.03.03"]
[SourceVersion "1"]
[SourceVersionDate "2010.03.03"]
[SourceQuality "1"]

1. d4 d5 2. c4 c6 3. Nc3 Nf6 4. Nf3 Bf5 5. Qb3 b6 6. Ne5 e6 7. Bg5 Be7 8. e3 0-0 9. Rc1 Ne4 10. Bxe7 Qxe7 11. Nf3 Nd7 12. cxd5 exd5 13. Be2 Ndf6 14. 0-0 Bg4 15. Rfd1 Rac8 16. a4 Rfe8 17. Ne5 Nxc3 18. Bxg4 Nxg4 19. Qxc3 Nxe5 20. dxe5 Qxe5 21. a5 d4 0-1